La conciencia en el cerebro : descifrando el enigma de cómo el cerebro elabora nuestros pensamientos /
La colección Ciencia que ladra… publicada por Siglo XXI en Argentina, se plantea como finalidad la divulgación científica dirigida a todo público, desde niños y sus maestros hasta adultos y toda persona interesada en el mundo de la ciencia que no necesariamente tiene una formación científica. La col...
Salvato in:
| Autore principale: | |
|---|---|
| Altri autori: | |
| Natura: | Libro |
| Lingua: | spagnolo |
| Pubblicazione: |
Buenos Aires, Argentina :
Siglo XXI,
2015, c2015
|
| Serie: | (Ciencia que Ladra.... Serie Mayor)
|
| Soggetti: | |
| Tags: |
Nessun Tag, puoi essere il primo ad aggiungerne!!
|
MARC
| LEADER | 00000nam^a2200000^a^4500 | ||
|---|---|---|---|
| 001 | 000399845 | ||
| 005 | 20250521000000.0 | ||
| 009 | 20260310121603.833 | ||
| 020 | |a 978-987-629-506-2 | ||
| 037 | |a Acervo ITESO - Biblioteca | ||
| 041 | |a ESP | ||
| 082 | |a 500. |b LAD S. 2 V. 13 | ||
| 100 | |a Dehaene, Stanislas |e (autor) | ||
| 245 | 1 | 3 | |a La conciencia en el cerebro : |b descifrando el enigma de cómo el cerebro elabora nuestros pensamientos / |c S. Dehaene ; presen. de D. Golombek ; tr. por María Josefina D'Alessio. |
| 264 | 4 | |a Buenos Aires, Argentina : |b Siglo XXI, |c 2015, c2015 | |
| 300 | |a 383 p. | ||
| 336 | |a texto |b txt |2 rdacontenido | ||
| 337 | |a sin mediación |b n |2 rdamedio | ||
| 338 | |a volumen |b nc |2 rdasoporte | ||
| 440 | 1 | |a (Ciencia que Ladra.... |p Serie Mayor) | |
| 500 | |a Traducción de: Consciousness and the Brain: Deciphering How the Brain Codes Our Thoughts | ||
| 520 | |a La colección Ciencia que ladra… publicada por Siglo XXI en Argentina, se plantea como finalidad la divulgación científica dirigida a todo público, desde niños y sus maestros hasta adultos y toda persona interesada en el mundo de la ciencia que no necesariamente tiene una formación científica. La colección está dividida en dos series: serie clásica y serie mayor. La primera contiene textos que se caracterizan por mostrar fenómenos científicos en temas de la vida cotidiana; la serie mayor incluye textos más extensos donde se desarrollan temas en mayor profundidad, así como traducciones de obras de autores extranjeros. Esta colección la inició en 2002 el biólogo y divulgador científico Diego Golombek, en conjunto con la Universidad Nacional de Quilmes, en Buenos Aires. | ||
| 521 | |a FIL 2017 EEnlace Centro de Promoción Cultural | ||
| 649 | |a XX | ||
| 650 | |a Conciencia | ||
| 650 | |a Pensamiento | ||
| 650 | |a Cerebro - |x Tema Principal | ||
| 650 | |a Psicología Cognitiva | ||
| 650 | |a Psicología Fisiológica - |x Tema Principal | ||
| 650 | |a Neurociencias - |x Tema Principal | ||
| 650 | |a Fisiología | ||
| 700 | |a Golombek, Diego |e (presentación) | ||
| 910 | |a Fondo General | ||
| 920 | |a Impresos - Libros | ||
| 930 | |a Colección General | ||
| 905 | |a 101 | ||
| 901 | |a 0500294845 |b IT1 |c ACC |i c158231 |u 20250521 | ||
| 902 | |a https://opac.biblio.iteso.mx/vufind/Record/000399845 | ||